| 000 | 00580nam a2200205Ia 4500 | ||
|---|---|---|---|
| 003 | GCL | ||
| 008 | 140319s9999 xx 000 0 ara d | ||
| 040 |
_aGCL / _cGCL |
||
| 082 | 0 | 4 |
_a309.262 _bهـ ت |
| 100 | 1 | _aوود، كرستوفر | |
| 245 | 1 | 0 |
_aتخطيط المدن والسيطرة على التلوث / _cوود، كرستوفر |
| 700 | 1 | _aمضر خليل العمر | |
| 300 | _a271 ص | ||
| 490 | _a | ||
| 650 | 0 | 4 | _aتلوث البيئة |
| 650 | 0 | 4 | _aالتلوث |
| 650 | 0 | 4 | _aتخطيط المدن |
| 650 | 0 | 4 | _aالمدن - تجميل |
| 942 |
_2ddc _cBK |
||
| 999 |
_c48132 _d48132 |
||